| 000 | 00861nam a2200217 i 4500 | ||
|---|---|---|---|
| 001 | 178777 | ||
| 003 | ES-MaACL | ||
| 005 | 20250426204821.0 | ||
| 008 | 110621s1904 fr |||| | fre d | ||
| 080 | _a929 France, Anatole | ||
| 100 | 1 |
_aLe Brun, Roger. _970853 |
|
| 245 | 1 | 0 |
_aAnatole France _b: biographie précédée d'un portrait-frontispice, illustrée de divers dessins et d'un autographe, suivie d'opinions de d'une bibliographie / _cpar Roger Le Brun ; ornements typographiques d'Orazi. |
| 250 | _a3e ed. | ||
| 260 |
_aParis : _bE. Sansot, _c1904. |
||
| 300 |
_a51 p. : _bil. ; _c18 cm. |
||
| 490 | 1 | _aLes célébrités d'aujourd'hui | |
| 600 | 1 | 4 |
_aFrance, Anatole, _d1844-1924 _9240108 |
| 830 | 0 |
_aLes célébrités d'aujourd'hui _9180788 |
|
| 852 |
_aES-MaACL _jD-747(3) _z.- Encuadernado con otras obras |
||
| 999 |
_c178777 _d178777 |
||